Living with diabetes: (Record no. 198799)
[ view plain ]
| 000 -LEADER | |
|---|---|
| fixed length control field | 00570nam a22001937a 4500 |
| 005 - DATE AND TIME OF LATEST TRANSACTION | |
| control field | 20231108122648.0 |
| 010 ## - LCCN (DPL NO) | |
| LC control number | ENG-138288 |
| 020 ## - INTERNATIONAL STANDARD BOOK NUMBER | |
| Terms of availability | 250.00 |
| International Standard Book Number | 9789354828577 |
| 035 ## - SYSTEM CONTROL NUMBER | |
| System control number | EN-121820 |
| 037 ## - SOURCE OF ACQUISITION | |
| Source of stock number/acquisition | DBAD/PUB |
| 082 ## - DEWEY DECIMAL CLASSIFICATION NUMBER | |
| Classification number | 616.472 |
| 100 ## - MAIN ENTRY--PERSONAL NAME | |
| Personal name | Ghosh, Aneesh |
| 245 ## - TITLE STATEMENT | |
| Title | Living with diabetes: |
| Statement of responsibility, etc | By Aneesh ghosh |
| Remainder of title | A complete patient wellness guide/ |
| 260 ## - PUBLICATION, DISTRIBUTION, ETC. (IMPRINT) | |
| Place of publication, distribution, etc | kerala |
| Name of publisher, distributor, etc | DC life |
| Date of publication, distribution, etc | 2023 |
| 270 ## - ADDRESS | |
| Address | an imprint of D C books, |
| City | kottayam |
| Postal code | 686001 |
| 300 ## - PHYSICAL DESCRIPTION | |
| Extent | 88p. |
| Dimensions | 21cm(pbk) |
| 700 ## - ADDED ENTRY--PERSONAL NAME | |
| Personal name | / |
| 9 (RLIN) | 57895 |
| 942 ## - ADDED ENTRY ELEMENTS (KOHA) | |
| Source of classification or shelving scheme | Dewey Decimal Classification |
| Item type | English Books |
| Call number suffix | GHO |
| Classification part | 616.472 |
| Withdrawn status | Lost status | Not for loan | Collection code | Home library | Current library | Date acquired | Source of acquisition | Cost, normal purchase price | Full call number | Barcode | Copy number | Cost, replacement price | Koha item type |
|---|---|---|---|---|---|---|---|---|---|---|---|---|---|
| Non-fiction | Bawana | Bawana | 17/10/2023 | DBAD/PUB | 250.00 | GHO 616.472 | EN-121820 | 1 | 250.00 | English Books |
